000 00452nam a22001697a 4500
005 20230819151839.0
008 230816b |||||||| |||| 00| 0 eng d
020 _a81-239-0947-0
041 _aeng
082 _a616.59 KOR-M
100 _aKORCHIN,SHELDON.J
_98046
245 _aMODERN CLINICAL PSYCHOLOGY: Principles of intervention in thie clenic and community
260 _aNEW DELHI
_bCBS
300 _a672;p
650 _aBPT
_98047
942 _cBK
999 _c8357
_d8355